The management of business logistics / (Record no. 604)
[ view plain ]
| 000 -LEADER | |
|---|---|
| fixed length control field | 01420pam a2200289 a 4500 |
| 001 - CONTROL NUMBER | |
| control field | 1543430 |
| 005 - DATE AND TIME OF LATEST TRANSACTION | |
| control field | 20210414113918.0 |
| 008 - FIXED-LENGTH DATA ELEMENTS--GENERAL INFORMATION | |
| fixed length control field | 910809s1992 mnua b 001 0 eng |
| 010 ## - LIBRARY OF CONGRESS CONTROL NUMBER | |
| LC control number | 91030184 |
| 020 ## - INTERNATIONAL STANDARD BOOK NUMBER | |
| International Standard Book Number | 0314933646 (hard) |
| 040 ## - CATALOGING SOURCE | |
| Original cataloging agency | DLC |
| Transcribing agency | DLC |
| Modifying agency | DLC |
| 050 00 - LIBRARY OF CONGRESS CALL NUMBER | |
| Classification number | HD38.5.C69 |
| 082 00 - DEWEY DECIMAL CLASSIFICATION NUMBER | |
| Classification number | 658.7 |
| Edition number | 20 |
| 100 1# - MAIN ENTRY--PERSONAL NAME | |
| Personal name | Coyle, John Joseph, |
| Dates associated with a name | 1935- |
| 245 14 - TITLE STATEMENT | |
| Title | The management of business logistics / |
| Statement of responsibility, etc. | John J. Coyle, Edward J. Bardi, C. John Langley, Jr. |
| 250 ## - EDITION STATEMENT | |
| Edition statement | 5th ed. |
| 260 ## - PUBLICATION, DISTRIBUTION, ETC. | |
| Place of publication, distribution, etc. | St. Paul : |
| Name of publisher, distributor, etc. | West Pub. Co., |
| Date of publication, distribution, etc. | c1992. |
| 300 ## - PHYSICAL DESCRIPTION | |
| Extent | xxii, 580 p. : |
| Other physical details | ill. ; |
| Dimensions | 26 cm. |
| 504 ## - BIBLIOGRAPHY, ETC. NOTE | |
| Bibliography, etc. note | Includes bibliographical references and indexes. |
| 505 ## - FORMATTED CONTENTS NOTE | |
| Formatted contents note | Contents: Logistics management: An overview -- Logistics environment -- Global Logistics -- Logistics information systems -- Inventory in the logisitc systems -- Inventory decision making -- The Transportation system -- Transportation management -- Warehousing Decisions -- Materials handling and packaging -- Facility location -- Logistics Quality -- Organisation of the logistics function -- Logisitics strategy -- Comprehensive cases -- Glossary. |
| 650 #0 - SUBJECT ADDED ENTRY--TOPICAL TERM | |
| Topical term or geographic name entry element | Business logistics. |
| 700 1# - ADDED ENTRY--PERSONAL NAME | |
| Personal name | Bardi, Edward J., |
| Dates associated with a name | 1943- |
| 700 1# - ADDED ENTRY--PERSONAL NAME | |
| Personal name | Langley, C. John, |
| Dates associated with a name | 1946- |
| 906 ## - LOCAL DATA ELEMENT F, LDF (RLIN) | |
| a | 7 |
| b | cbc |
| c | orignew |
| d | 1 |
| e | ocip |
| f | 19 |
| g | y-gencatlg |
| 942 ## - ADDED ENTRY ELEMENTS (KOHA) | |
| Source of classification or shelving scheme | Library of Congress Classification |
| Koha item type | Books |
| Withdrawn status | Lost status | Source of classification or shelving scheme | Damaged status | Not for loan | Home library | Current library | Shelving location | Date acquired | Total Checkouts | Full call number | Barcode | Date last seen | Price effective from | Koha item type |
|---|---|---|---|---|---|---|---|---|---|---|---|---|---|---|
| Library of Congress Classification | WISCONSIN INTERNATIONAL UNIVERSITY COLLEGE, GHANA - MAIN LIBRARY | WISCONSIN INTERNATIONAL UNIVERSITY COLLEGE, GHANA - MAIN LIBRARY | General Stacks | 13/02/2012 | HD38.5.C69 | 1464/12 | 13/02/2012 | 13/02/2012 | Books | |||||
| Library of Congress Classification | WISCONSIN INTERNATIONAL UNIVERSITY COLLEGE, GHANA - MAIN LIBRARY | WISCONSIN INTERNATIONAL UNIVERSITY COLLEGE, GHANA - MAIN LIBRARY | General Stacks | 13/02/2012 | HD38.5.C691 | 1465/12 | 13/02/2012 | 13/02/2012 | Books | |||||
| Library of Congress Classification | WISCONSIN INTERNATIONAL UNIVERSITY COLLEGE, GHANA - MAIN LIBRARY | WISCONSIN INTERNATIONAL UNIVERSITY COLLEGE, GHANA - MAIN LIBRARY | General Stacks | 13/02/2012 | HD38.5.C692 | 1466/12 | 13/02/2012 | 13/02/2012 | Books |
